Песни Егора Летова - Армагеддон - Statistics

General Stats
  • This quiz has been taken 6 times
  • The average score is 11 of 19
Answers on the Grid
Answers color-coded by a green-red scale on the quiz's grid according to % correct below.
Всё идёт по плану
Про дурачка
Красный смех
Моя оборона
Зоопарк
Хороший царь и знакомая вонь
Отряд не заметил потери бойца
Страна дураков
Электрический пёс
И вновь продолжается бой
Хороший автобус
Далеко бежит дорога
Песенка про чёрную гуашь и надежду
Слава психонавтам
У войны не женское лицо
Нож в спину
Бери шинель (Like a Rolling Stone)
Песенка о святости, мыше и камыше
Общество "Память"
Сибирский мороз
Город детства
Тошнота
Евангелие
Белое безмолвие
Я принял решение
Никто не хотел умирать
К тебе
На всю оставшуюся жизнь
Звездопад
Эй, брат-любер
 
Answer Stats
Answer % Correct
Всё идёт по плану
75%
Про дурачка
75%
Моя оборона
75%
Отряд не заметил потери бойца
75%
Слава психонавтам
75%
Песенка о святости, мыше и камыше
75%
Общество "Память"
75%
Тошнота
75%
Евангелие
75%
Бери шинель (Like a Rolling Stone)
75%
Зоопарк
50%
Хороший царь и знакомая вонь
50%
Страна дураков
50%
Хороший автобус
50%
Никто не хотел умирать
50%
Эй, брат-любер
50%
У войны не женское лицо
25%
Сибирский мороз
25%
К тебе
25%
No matching quizzes found
Score Distribution
Percent of People with Each Score
Percentile by Number Answered
Your Score History
You have not taken this quiz